[Event "India Cities-ch 19th"]
[Site "Khalpara"]
[Date "2018.08.02"]
[Round "3.3"]
[White "Gurung, Rohit"]
[Black "Indrajit, Neogi"]
[Result "1-0"]
[WhiteElo "1874"]
[BlackElo "1442"]
[PlyCount "61"]
[EventDate "2018.08.01"]
[EventType "team-swiss"]
[EventRounds "7"]
[EventCountry "IND"]
[SourceTitle "CBM 186 Extra"]
[Source "ChessBase"]
[SourceDate "2018.08.24"]
[SourceVersion "1"]
[SourceVersionDate "2018.08.24"]
[SourceQuality "1"]
[WhiteTeam "Gangtok"]
[BlackTeam "Jalpaiguri Kings"]
[WhiteTeamCountry "IND"]
[BlackTeamCountry "IND"]

1. e4 c5 2. b3 Nc6 3. Bb2 d6 4. Bb5 e5 5. Ne2 Nf6 6. d3 Be7 7. 0-0 0-0 8. Bxc6 bxc6 9. Nd2 Bg4 10. h3 Be6 11. f4 exf4 12. Nxf4 Nd7 13. Nxe6 fxe6 14. Qg4 e5 15. Qe6+ Kh8 16. Rf7 Re8 17. Raf1 Nf8 18. Qg4 Ng6 19. Nc4 Qc7 20. h4 Qc8 21. Qxc8 Raxc8 22. g3 Kg8 23. h5 Nf8 24. h6 gxh6 25. Bc1 h5 26. Bh6 Ng6 27. Rg7+ Kh8 28. Rff7 Bf8 29. Rxh7+ Kg8 30. Bxf8 Rxf8 31. Rfg7# 1-0